Statistiques concernant Top 15 des pays avec les décès de Covid-19 - 10 août

Cliquez ici pour prendre le quiz!

Statistiques générales

  • Ce quiz a été pris 22 fois
  • Le résultat moyen est 13 sur 20

Statistiques - réponses

pays% Correct
Etats-Unis
100%
France
100%
Inde
87%
Brésil
80%
Espagne
80%
Italie
80%
Mexique
80%
Royaume-Uni
80%
Russie
80%
Chili
67%
Belgique
53%
Colombie
53%
Suède
53%
Iran
47%
Pérou
47%
Afrique du Sud
40%
Pays-Bas
40%
Irlande
33%
Équateur
27%
Panama
27%

Distribution des résultats

Percentile par nombre de réponses

% des personnes avec chaque résultat

Votre développement - résultats

Vous n’avez pas pris ce quiz